000 00519nam a22001697a 4500
005 20260223103648.0
008 260223b |||||||| |||| 00| 0 eng d
020 _a9781284229271 (pbk)
040 _cPK-LaUMT
082 _a610.73
_bBAS-N
100 B _aBastable, Susan B.
_92492
245 _aNurse as educator :
_bprinciples of teaching and learning for nursing practice /
_cby Susan B. Bastable
250 _a6th ed.
260 _aBirlington :
_bJones & Bartlett Learning,
_c2023
300 _a725 p.
942 _cBK
999 _c139843
_d139843